Mišík : letní rozhovor s Ondřejem Bezrem (1999) : sklízím, co jsem zasel (2006) /

Main Author: Mišík, Vladimír, 1947-
Other Authors: Bezr, Ondřej, 1968-
Language: Czech
Published: V Brně : NC Publishing, 2007
Edition: 2., rozš. vyd.
Subjects:
Physical Description: 212 s. : il., portréty ; 21 cm
Book
Saved in:
LEADER 01958cam a2200517 a 4500
001 nkc20071713459
003 CZ PrNK
005 20240803171016.0
007 ta
008 070322s2007 xr ac e 000 1acze
015 |a cnb001713459 
020 |a 978-80-903858-0-1  |q (brož.) 
035 |a (OCoLC)188554450 
040 |a OLA001  |b cze  |d BOA001  |d ABA001 
043 |a e-xr--- 
045 |a x4y0 
072 7 |a 78.07  |x Hudebníci, skladatelé a jiná hudební povolání  |2 Konspekt  |9 9 
072 7 |a 929  |x Biografie  |2 Konspekt  |9 8 
080 |a 929  |2 MRF 
080 |a 78.071.1/.2  |2 MRF 
080 |a (437.3)  |2 MRF 
080 |a (0:82-94)  |2 MRF 
080 |a (047.53)  |2 MRF 
100 1 |a Mišík, Vladimír,  |d 1947-  |7 jn19990209554  |4 aut 
245 1 0 |a Mišík :  |b letní rozhovor s Ondřejem Bezrem (1999) : sklízím, co jsem zasel (2006) /  |c Vladimír Mišík 
246 3 0 |a Letní rozhovor s Ondřejem Bezrem (1999) 
246 3 0 |a Sklízím, co jsem zasel (2006) 
250 |a 2., rozš. vyd. 
260 |a V Brně :  |b NC Publishing,  |c 2007 
300 |a 212 s. :  |b il., portréty ;  |c 21 cm 
504 |a Obsahuje bibliografie 
600 1 7 |a Mišík, Vladimír,  |d 1947-  |7 jn19990209554  |2 czenas 
648 7 |a 20.-21. století  |7 ch462155  |2 czenas 
650 0 7 |a rockoví hudebníci  |7 ph125178  |z Česko  |y 20.-21. století  |2 czenas 
650 0 9 |a rock musicians  |z Czechia  |y 20th-21st centuries  |2 eczenas 
655 7 |a autobiografické vzpomínky  |7 fd131854  |2 czenas 
655 7 |a rozhovory  |7 fd133303  |2 czenas 
655 9 |a autobiographical reminiscences  |2 eczenas 
655 9 |a interviews  |2 eczenas 
700 1 |a Bezr, Ondřej,  |d 1968-  |7 jn20010601238  |4 aut 
910 2 |a BOA001  |b 2-1187.087 
990 |a BK 
995 |a 01 
991 |b 200706  |c NOV 
996 6 |b 2610312239  |c 2-1187.087  |l MZK  |r Sklad / do 1 hodiny  |n 3  |p p.v.  |w 000851670  |u 000010  |a 1  |e BOA001  |j MZK50  |s P 
996 7 |b 2610312240  |c 2-1187.087  |l MZK  |r Sklad / do 1 hodiny  |n 3  |p p.v.  |w 000851670  |u 000020  |a 1  |e BOA001  |j MZK50  |s A